Normal view
MARC view
Entry Personal Name
001 - CONTROL NUMBER
- control field: 25625
003 - CONTROL NUMBER IDENTIFIER
- control field: ARRUPE
005 - DATE AND TIME OF LATEST TRANSACTION
- control field: 20160913090002.0
008 - FIXED-LENGTH DATA ELEMENTS
- fixed length control field: 160913|| aca||aabn | a|a d
040 ## - CATALOGING SOURCE
- Original cataloging agency: ARRUPE
- Transcribing agency: ARRUPE
100 ## - HEADING--PERSONAL NAME
- Personal name: Perham, Margery,
- Dates associated with a name: 1895-1982.
670 ## - SOURCE DATA FOUND
- Source citation: Work cat.: (ARRUPE)0: Perham, Margery, 1895-1982., The colonial reckoning., 1961